Panzer Quiz - Statistiken

Allgemein
  • Dieses Quiz wurde 21 mal gespielt
  • Das Durchschnittsergebnis liegt bei 11 aus 15
Antwortstatistiken
Frage Antwort % Korrekt
Welcher Panzer war besonders schnell? M18 Hellcat
94%
Welcher Panzer besitzt keinen klassischen Turm? Stridsvagn 103
94%
Welcher Panzer wurde in Schweden entwickelt? Stridsvagn 103
94%
Welcher sowjetische Panzer war der Nachfolger des IS-1? IS-2
88%
Welcher Panzer ist für seine vier Ketten bekannt? Object 279
88%
Welcher sowjetische Jagdpanzer hatte eine 100-mm-Kanone? SU-100
88%
Welcher Panzer wurde in Japan entwickelt? Type 61
88%
Welcher deutsche Panzer basiert auf dem Panther-Fahrgestell? Jagdpanther
76%
Welcher Panzer war ein deutscher Nachkriegspanzerjäger? Kanonenjagdpanzer
76%
Welcher Panzerjäger hatte ein riesiges 183-mm-Geschütz? FV4005 Stage II
71%
Welcher Panzer war ein Schweizer Kampfpanzer? Panzer 68
65%
Welcher britische Panzer gilt als einer der ersten modernen Kampfpanzer? Centurion tank
59%
Welcher Panzer hatte einen oszillierenden Turm? AMX-13
53%
Welcher Panzer war ein britischer schwerer Jagdpanzer-Prototyp? Tortoise heavy assault tank
47%
Welcher Panzer war ein französischer überschwerer Panzer? Char 2C
18%
Keine übereinstimmenden Quizze gefunden
Verteilung der Resultate
Anzahl Personen mit jedem Resultat
Perzentil nach korrekt beantworteten Fragen
Ihre Resultats-Entwicklung
Sie haben dieses Quiz noch nicht gespielt